000 00615nam a2200181 4500
001 132167
003 ES-MaACL
005 20230906194123.0
007 t|
008 070214s1961 ve r ||||1| spa d
080 _a821.134.2(87).09
100 1 _aRojas Jiménez, Oscar.
_999072
245 1 0 _aCaballeros de la eternidad
_b: (ensayos de literatura venezolana) /
_cOscar Rojas Jiménez.
260 _aCaracas :
_b[s.n.],
_c1961 (
_eZaragoza :
_fImprenta Heraldo de Aragón)
300 _a100 p. ;
_c25 cm.
650 4 _aLiteratura venezolana-
_xHistoria y crítica.
_9140410
852 _aES-MaACL
_jE-13146
_bR.47762
999 _c132167
_d132167